| 000 | 00386nam a22001697a 4500 | ||
|---|---|---|---|
| 005 | 20160625160551.0 | ||
| 008 | 160625b xxu||||| |||| 00| 0 eng d | ||
| 020 | _a81-203-1505-7 | ||
| 041 | _aeng | ||
| 082 | _b10316 | ||
| 100 |
_aBobrow, Edwin E CMC _92818 |
||
| 245 | _aNew Product Development | ||
| 260 |
_bPHI _c1999 |
||
| 300 | _a285 | ||
| 650 |
_aManagement _9241 |
||
| 942 | _cBK | ||
| 999 |
_c4077 _d4076 |
||